| 000 | 00750nam a22002297a 4500 | ||
|---|---|---|---|
| 001 | 4726 | ||
| 003 | FISKH | ||
| 005 | 20240926111841.0 | ||
| 008 | 240926b cb ||||| |||| 00| 0 eng d | ||
| 040 |
_aFISKH _beng _cFISKH _dFISKH |
||
| 050 | _aPZ7.B27539 | ||
| 082 | _a823.912 | ||
| 100 | _aBarrie, J. M. | ||
| 245 |
_aPeter Pan / _cJ. M. Barrie ; Illustrated Chaudia Venturini |
||
| 260 |
_aEssex : _bMiles Kelly, _c2016. |
||
| 300 |
_a320 pages : _bcolor illustrations ; _c17 cm |
||
| 520 | _aThe adventures of the three Darling children in Never-Never Land with Peter Pan, the boy who would not grow up. | ||
| 650 |
_aFantasy _vAdventure _xPirates |
||
| 700 |
_aVenturini, Chaudia _eIllustrator |
||
| 942 |
_2ddc _cBK _n0 |
||
| 999 |
_c4726 _d4726 |
||